BUBT Library Online Catalog

Logistics Management for International Business: (Record no. 7227)

000 -LEADER
fixed length control field 00829nam a22002417a 4500
003 - CONTROL NUMBER IDENTIFIER
control field BUBTL
008 - FIXED-LENGTH DATA ELEMENTS--GENERAL INFORMATION
fixed length control field 240225b ||||| |||| 00| 0 eng d
020 ## - INTERNATIONAL STANDARD BOOK NUMBER
International Standard Book Number 9788120337923
041 ## - LANGUAGE CODE
Language code of text/sound track or separate title eng
082 ## - DEWEY DECIMAL CLASSIFICATION NUMBER
Classification number 658.5/ Su21l/ 2022
100 ## - MAIN ENTRY--PERSONAL NAME
9 (RLIN) 5690
Personal name Sudalaimuthu, S.
245 ## - TITLE STATEMENT
Title Logistics Management for International Business:
Remainder of title Text and Cases
Statement of responsibility, etc. S. Sadalaimuthu, S. Anthony Raj
250 ## - EDITION STATEMENT
Edition statement 1st ed.
260 ## - PUBLICATION, DISTRIBUTION, ETC. (IMPRINT)
Place of publication, distribution, etc. Delhi :
Name of publisher, distributor, etc. PHI Learning Private Limited,
Date of publication, distribution, etc. c2022
300 ## - PHYSICAL DESCRIPTION
Extent xvii, 384 p. :
Dimensions 24 cm.
500 ## - GENERAL NOTE
General note Includes Index
505 ## - FORMATTED CONTENTS NOTE
Formatted contents note Logistics Management for International Business, Logistics and Management, Logistics and Documentation, Transportation
650 #0 - SUBJECT ADDED ENTRY--TOPICAL TERM
9 (RLIN) 39
Topical term or geographic name as entry element Management
700 ## - ADDED ENTRY--PERSONAL NAME
9 (RLIN) 5691
Personal name Raj, S. Anthony
856 ## - ELECTRONIC LOCATION AND ACCESS
Password 0
Logon 0
Link text Download
942 ## - ADDED ENTRY ELEMENTS (KOHA)
Source of classification or shelving scheme
Koha item type Books
Holdings
Withdrawn status Lost status Source of classification or shelving scheme Damaged status Not for loan Collection code Permanent location Current location Shelving location Date acquired Source of acquisition Inventory number Total Checkouts Full call number Barcode Date last seen Copy number Price effective from Koha item type
        Not For Loan Non-fiction Bangladesh University of Business and Technology Library Bangladesh University of Business and Technology Library Management Stacks 01/24/2024 Purchase 29938   658.5/ Su21l/ 2022 BUBTL-200329938 02/25/2024 C-1 02/25/2024 Books
        Not For Loan Non-fiction Bangladesh University of Business and Technology Library Bangladesh University of Business and Technology Library Management Stacks 01/24/2024 Purchase 29939   658.5/ Su21l/ 2022 BUBTL-200329939 02/25/2024 C-2 02/25/2024 Books

More Information About Library

Library Hours

  • Open: 9.00 am. to 9.00 pm.
  • Only Sunday: 9.00 am. to 6.00 pm.
  • Closed: Holiday

Contact to the University

Bangladesh University of Business and Technology Library

  • Mirpurl-2, 1216.
  • Phone:
  • Fax:
  • E-Mail: admin.library@bubt.edu.bd

Contact to the Library

Contact Person:

Md. Abdul Hakim Shah
Joint Librarian
PABX No:  113
Cell No: 01816332931
E-mail: official: admin.library@bubt.edu.bd
Personal: hakim.shah@bubt.edu.bd


BUBT Library

Copyright © 2021